| 000 | 01386nam a2200349Ia 4500 | ||
|---|---|---|---|
| 001 | ebr10660448 | ||
| 003 | CaPaEBR | ||
| 006 | m u | ||
| 007 | cr cn||||||||| | ||
| 008 | 090130s2009 nyuab sb 001 0 eng d | ||
| 010 | _z 2009000605 | ||
| 020 | _z1606924117 (hardcover) | ||
| 020 | _z9781606924112 (hardcover) | ||
| 020 | _z9781608765348 | ||
| 040 |
_aCaPaEBR _cCaPaEBR |
||
| 035 | _a(OCoLC)844348277 | ||
| 050 | 1 | 4 |
_aQH541.5.A74 _bA75 2009eb |
| 082 | 0 | 4 |
_a577.54 _223 |
| 245 | 0 | 0 |
_aArid environments and wind erosion _h[electronic resource] / _cAntonio Fernandez-Bernal and Mauricio Alberto De La Rosa, editors. |
| 260 |
_aNew York : _bNova Science Publishers, _cc2009. |
||
| 300 |
_axvi, 394 p. : _bill. (some col.), maps (chiefly col.) |
||
| 504 | _aIncludes bibliographical references and index. | ||
| 533 |
_aElectronic reproduction. _bPalo Alto, Calif. : _cebrary, _d2013. _nAvailable via World Wide Web. _nAccess may be limited to ebrary affiliated libraries. |
||
| 650 | 0 | _aArid regions ecology. | |
| 650 | 0 | _aRevegetation. | |
| 650 | 0 | _aReclamation of land. | |
| 655 | 7 |
_aElectronic books. _2local |
|
| 700 | 1 | _aFernandez-Bernal, Antonio. | |
| 700 | 1 | _aDe la Rosa, Mauricio Alberto. | |
| 710 | 2 | _aebrary, Inc. | |
| 856 | 4 | 0 |
_uhttp://site.ebrary.com/lib/rucke/Doc?id=10660448 _zAn electronic book accessible through the World Wide Web; click to view |
| 999 |
_c67785 _d67785 |
||